Poslanci znížili dane a výšku garantovaných vkladov ministerka financií žiada o vrátenie zákona o trojdani

Bibliographic Details
Main Authors: Gottweisová, Alena (Author), Tettinger, Marek (Author)
Format: Article
Language:Slovak
PhysicalDescription:Fotogr.
ISSN:1335-4701
Subjects:

MARC

LEADER 00000nab a2200000 a 4500
001 vtls000778030
003 SK-MaSNL
005 20260302152853.0
008 140301c2001 xo 0 slo
015 |a SNBRB2001/12-36412 
035 |a CLN000129811 
040 |a SNKBUCL  |b slo  |c SNKBUCL  |e AACR2 
041 0 |a slo 
044 |a xo  |c SK 
080 |a 336.272.7:340.133  |2 1997 
080 |a 336.245:340.133  |2 1997 
100 1 |a Gottweisová, Alena  |4 aut  |9 838478 
245 1 0 |a Poslanci znížili dane a výšku garantovaných vkladov  |b ministerka financií žiada o vrátenie zákona o trojdani  |c Alena Gottweisová, Marek Tettinger 
300 |b Fotogr. 
650 0 7 |a daň z dedičstva  |x zákony  |x novelizácia  |2 snkbucl  |9 846959 
650 0 7 |a daň z darovania  |x zákony  |x novelizácia  |2 snkbucl  |9 846960 
650 0 7 |a daň z prevodu nehnuteľností  |x zákony  |x novelizácia  |2 snkbucl  |9 19767 
655 7 |a články z novín a časopisov  |2 snkbucl  |9 267496 
700 1 |a Tettinger, Marek  |4 aut  |9 840327 
773 0 |t Hospodárske noviny  |g Roč. 9, č. 218 (12.11.2001), s. 2  |x 1335-4701 
850 |a Slovenská národná knižnica v Martine 
852 |a SNK  |b KIS3GCP 
958 |a SK 
992 |a RBX 
999 |c 1363749  |d 1365679